[Event "Mecklenburg VP Verbandsliga 2223"]
[Site "Mecklenburg VP"]
[Date "2022.10.23"]
[Round "1.3"]
[White "Dettmann, Gerd"]
[Black "Markovych, Illya"]
[Result "1-0"]
[WhiteElo "2092"]
[BlackElo "2028"]
[PlyCount "85"]
[EventDate "2022.10.23"]
[EventType "team-tourn"]
[EventRounds "9"]
[EventCountry "GER"]
[SourceTitle "EXT 2024"]
[Source "ChessBase"]
[SourceDate "2023.10.10"]
[SourceVersion "1"]
[SourceVersionDate "2023.10.10"]
[SourceQuality "1"]
[WhiteTeam "Guestrow/Teterow"]
[BlackTeam "Makkabi Rostock"]
[WhiteTeamCountry "GER"]
[BlackTeamCountry "GER"]

1. e4 e6 2. d4 d5 3. Nc3 Nf6 4. e5 Nfd7 5. f4 c5 6. Nf3 Nc6 7. Be3 cxd4 8. Nxd4 a6 9. Qd2 Nxd4 10. Bxd4 Bc5 11. 0-0-0 Bxd4 12. Qxd4 Qb6 13. Be2 Qxd4 14. Rxd4 b6 15. Re1 Bb7 16. Bg4 g6 17. Bf3 h5 18. b3 0-0-0 19. Kb2 Nb8 20. Rd2 Nc6 21. Ne2 Kb8 22. c3 Ne7 23. Nd4 Rc8 24. Bd1 Rc7 25. Bc2 Ka7 26. Re3 Nc6 27. Nf3 Rd8 28. Nd4 Nxd4 29. cxd4 a5 30. Rdd3 Ba6 31. Rc3 Rdc8 32. Rxc7+ Rxc7 33. Bd1 Rc8 34. Rc3 Kb7 35. a3 Rc6 36. b4 axb4 37. axb4 Bc4 38. g4 hxg4 39. Bxg4 Ka6 40. Bd1 Rc8 41. Ra3+ Kb5 42. Ba4+ Kxb4 43. Bd7 1-0

[Event "Oberliga Nord O 2122"]
[Site "Germany"]
[Date "2021.12.12"]
[Round "3.5"]
[White "Dettmann, Gerd"]
[Black "Van Hasselt, Frank"]
[Result "0-1"]
[WhiteElo "2111"]
[BlackElo "2226"]
[PlyCount "66"]
[EventDate "2021.10.31"]
[EventType "team-tourn"]
[EventRounds "9"]
[EventCountry "GER"]
[SourceTitle "EXT 2023"]
[Source "ChessBase"]
[SourceDate "2022.10.05"]
[SourceVersion "1"]
[SourceVersionDate "2022.10.05"]
[SourceQuality "1"]
[WhiteTeam "Guestrow/Teterow"]
[BlackTeam "Berlin SF III"]
[WhiteTeamCountry "GER"]
[BlackTeamCountry "GER"]

1. e4 c6 2. d4 d5 3. Nc3 dxe4 4. Nxe4 Bf5 5. Ng3 Bg6 6. Nf3 Nd7 7. h4 h6 8. h5 Bh7 9. Bd3 Bxd3 10. Qxd3 e6 11. Bf4 Qa5+ 12. Bd2 Bb4 13. c3 Be7 14. c4 Qc7 15. 0-0-0 Ngf6 16. Kb1 0-0 17. Bc3 b5 18. Ne5 Rfd8 19. Qf3 Rac8 20. Ne4 bxc4 21. Nxc4 Nxe4 22. Ba5 Nb6 23. Qxe4 Rd5 24. Rh3 c5 25. b3 cxd4 26. Bxb6 axb6 27. a4 b5 28. axb5 Rxb5 29. Kc2 Qa5 30. Rb1 Qa2+ 31. Kc1 Rxc4+ 32. bxc4 Rxb1+ 33. Qxb1 Bg5+ 0-1

[Event "Bamberg op-A 3rd"]
[Site "Bamberg"]
[Date "2021.08.01"]
[Round "7"]
[White "Dettmann, Gerd"]
[Black "Goldbeck, Lars"]
[Result "1/2-1/2"]
[WhiteElo "2102"]
[BlackElo "2207"]
[PlyCount "98"]
[EventDate "2021.07.28"]
[EventType "swiss"]
[EventRounds "7"]
[EventCountry "GER"]
[SourceTitle "EXT 2022"]
[Source "ChessBase"]
[SourceDate "2021.10.06"]
[SourceVersion "1"]
[SourceVersionDate "2021.10.06"]
[SourceQuality "1"]

1. e4 c6 2. d4 d5 3. exd5 cxd5 4. Nf3 Nc6 5. Ne5 a6 6. Nxc6 bxc6 7. Bd3 g6 8. 0-0 Bg7 9. c3 Nh6 10. Bf4 f6 11. Re1 0-0 12. Nd2 Nf7 13. f3 e5 14. Bg3 Qb6 15. Nb3 f5 16. Bf1 e4 17. Kh1 Ng5 18. c4 Ne6 19. Be5 Bxe5 20. dxe5 Rd8 21. Qc2 a5 22. cxd5 cxd5 23. Rad1 a4 24. Nd4 Nxd4 25. Qf2 Be6 26. Qxd4 Rdb8 27. Re2 Qc7 28. a3 Rc8 29. Red2 Qa5 30. Be2 Rab8 31. h3 Qc5 32. fxe4 fxe4 33. Qxa4 e3 34. Rd4 Rxb2 35. Qa6 Rb6 36. Qd3 Qc3 37. Bf3 Rbc6 38. Rxd5 Bxd5 39. Bxd5+ Kg7 40. Bxc6 Rxc6 41. Qd7+ Kh6 42. Qe7 Rc7 43. Qh4+ Kg7 44. Qf6+ Kh6 45. Qf4+ Kg7 46. Qf6+ Kh6 47. Qf8+ Kh5 48. g4+ Kg5 49. Qf6+ Kh6 1/2-1/2

[Event "Oberliga Nord O 1819"]
[Site "Germany"]
[Date "2019.02.24"]
[Round "7.4"]
[White "Jahnz, Fabian"]
[Black "Dettmann, Gerd"]
[Result "1-0"]
[WhiteElo "2244"]
[BlackElo "2155"]
[PlyCount "76"]
[EventDate "2018.10.21"]
[EventType "team-tourn"]
[EventRounds "9"]
[EventCountry "GER"]
[SourceTitle "EXT 2020"]
[Source "ChessBase"]
[SourceDate "2019.10.17"]
[SourceVersion "1"]
[SourceVersionDate "2019.10.17"]
[SourceQuality "1"]
[WhiteTeam "Koenig Tegel II"]
[BlackTeam "Guestrow/Teterow"]
[WhiteTeamCountry "GER"]
[BlackTeamCountry "GER"]

1. e4 c5 2. Nf3 d6 3. Bb5+ Bd7 4. Bxd7+ Qxd7 5. 0-0 Nc6 6. Qe2 e6 7. Rd1 Nge7 8. c3 Qc7 9. d4 e5 10. Na3 Ng6 11. h4 Be7 12. h5 Nf8 13. d5 Nd8 14. Nxe5 dxe5 15. d6 Qd7 16. dxe7 Qxe7 17. Nc4 Nfe6 18. Nxe5 0-0 19. h6 Nc6 20. hxg7 Rfd8 21. Nxc6 bxc6 22. Be3 Rab8 23. Rxd8+ Nxd8 24. Bf4 Rb7 25. Rd1 Ne6 26. Be3 Qf6 27. Rd2 Rb5 28. Qc4 Qe5 29. g3 Ng5 30. Bxg5 Qxg5 31. Rd7 Qg6 32. b3 Ra5 33. a4 Kxg7 34. e5 Kg8 35. Kg2 Qe6 36. Qxe6 fxe6 37. c4 Ra6 38. Rb7 Rb6 1-0

[Event "Bamberg op 1st"]
[Site "Bamberg"]
[Date "2018.05.12"]
[Round "6"]
[White "Dettmann, Gerd"]
[Black "Deml, Tilo"]
[Result "1/2-1/2"]
[WhiteElo "2163"]
[BlackElo "1879"]
[PlyCount "90"]
[EventDate "2018.05.09"]
[EventType "swiss"]
[EventRounds "7"]
[EventCountry "GER"]
[SourceTitle "CBM 184 Extra"]
[Source "ChessBase"]
[SourceDate "2018.06.28"]
[SourceVersion "1"]
[SourceVersionDate "2018.06.28"]
[SourceQuality "1"]

1. e4 e5 2. Nf3 d6 3. c3 Nf6 4. Be2 Be7 5. 0-0 0-0 6. Qc2 Bg4 7. d4 Nbd7 8. Be3 c6 9. Nbd2 Qc7 10. Rfe1 Rfe8 11. Nf1 Nf8 12. Ng3 Ne6 13. h3 Bxf3 14. Bxf3 Bf8 15. Ne2 d5 16. dxe5 Qxe5 17. exd5 Nxd5 18. Bd2 Bc5 19. Nf4 Qd6 20. Nxe6 Rxe6 21. Rxe6 Qxe6 22. Re1 Qd6 23. b4 Bb6 24. a3 Nf4 25. Bxf4 Qxf4 26. Re4 Qf6 27. a4 g6 28. a5 Bc7 29. Re3 Rd8 30. g3 a6 31. Kg2 h5 32. h4 Be5 33. Be2 Qd6 34. Rd3 Qe7 35. Rf3 Kg7 36. Bc4 f5 37. Re3 Qd6 38. Qe2 Bf6 39. Bb3 Qd2 40. Qf3 Qb2 41. c4 Qd2 42. b5 axb5 43. cxb5 Qxa5 44. bxc6 bxc6 45. Qxc6 Qa8 1/2-1/2

[Event "Bamberg op 1st"]
[Site "Bamberg"]
[Date "2018.05.12"]
[Round "5"]
[White "Spitzl, Vinzent"]
[Black "Dettmann, Gerd"]
[Result "1-0"]
[WhiteElo "2254"]
[BlackElo "2163"]
[PlyCount "49"]
[EventDate "2018.05.09"]
[EventType "swiss"]
[EventRounds "7"]
[EventCountry "GER"]
[SourceTitle "CBM 184 Extra"]
[Source "ChessBase"]
[SourceDate "2018.06.28"]
[SourceVersion "1"]
[SourceVersionDate "2018.06.28"]
[SourceQuality "1"]

1. e4 c5 2. Nf3 d6 3. d4 cxd4 4. Nxd4 Nf6 5. Nc3 a6 6. Bg5 e6 7. Be2 Be7 8. 0-0 h6 9. Bh4 Nxe4 10. Bxe7 Nxc3 11. Bxd8 Nxd1 12. Bc7 Nxb2 13. Bxd6 Na4 14. Bf3 Nd7 15. Rfb1 e5 16. Rb4 Nac5 17. Nf5 Ne6 18. Re1 g6 19. Ne7 f6 20. Nxg6 Rg8 21. Bh5 Kd8 22. Ne7 Rg5 23. Bf7 Nd4 24. Rxd4 exd4 25. Nc6+ 1-0

[Event "MVP-ch Seniors op 17th"]
[Site "Binz"]
[Date "2017.12.05"]
[Round "7.11"]
[White "Tuertmann, Dieter"]
[Black "Dettmann, Gerd"]
[Result "0-1"]
[WhiteElo "1956"]
[BlackElo "2168"]
[PlyCount "120"]
[EventDate "2017.11.29"]
[EventType "swiss"]
[EventRounds "9"]
[EventCountry "GER"]
[SourceTitle "EXT 2019"]
[Source "ChessBase"]
[SourceDate "2018.10.10"]
[SourceVersion "1"]
[SourceVersionDate "2018.10.10"]
[SourceQuality "1"]

1. Nf3 c5 2. e4 e6 3. c3 d5 4. exd5 exd5 5. d4 Nf6 6. Bd3 Nc6 7. 0-0 Be7 8. dxc5 Bxc5 9. Bg5 0-0 10. Nbd2 h6 11. Bh4 Be7 12. Re1 Be6 13. Qc2 Rc8 14. a3 d4 15. c4 a5 16. Bxf6 Bxf6 17. Ne4 Bg4 18. Nfd2 Be7 19. h3 Be6 20. b3 Ne5 21. Ng3 Bd6 22. a4 Bb8 23. Rad1 Qc7 24. Ndf1 Rcd8 25. Re2 Nc6 26. Rde1 Nb4 27. Qd2 Qd7 28. Re4 Rfe8 29. f4 Rf8 30. R1e2 Qd6 31. f5 Bd7 32. Rf2 f6 33. Rg4 Kh7 34. Nh5 Rg8 35. Nf4 Rde8 36. Re2 Re5 37. Rxe5 Qxe5 38. Ng6 Qc5 39. Nh4 Re8 40. Kh1 Bc6 41. Nf3 Bc7 42. Qd1 Be5 43. Nh4 Qd6 44. Ng6 b6 45. Qb1 Na6 46. Qd1 Nc5 47. Kg1 Bb7 48. Nxe5 Qxe5 49. Rg6 Re7 50. Rg4 Qe1 51. Qxe1 Rxe1 52. Rg3 Nxb3 53. Kf2 Ra1 54. Be4 Bxe4 55. Rxb3 Ra2+ 56. Kg3 Bxg2 57. Nh2 Be4 58. Ng4 Bxf5 59. Rxb6 Rxa4 60. Nxf6+ gxf6 0-1

[Event "Mecklenburg VP VL 1718"]
[Site "Mecklenburg VP"]
[Date "2017.11.26"]
[Round "3.2"]
[White "Hartung, Lothar"]
[Black "Dettmann, Gerd"]
[Result "0-1"]
[WhiteElo "1777"]
[BlackElo "2107"]
[PlyCount "64"]
[EventDate "2017.10.08"]
[EventType "team-tourn"]
[EventRounds "9"]
[EventCountry "GER"]
[SourceTitle "EXT 2022"]
[Source "ChessBase"]
[SourceDate "2021.10.06"]
[SourceVersion "1"]
[SourceVersionDate "2021.10.06"]
[SourceQuality "1"]
[WhiteTeam "Neubrandenburg SG Eintracht"]
[BlackTeam "Guestrow/Teterow"]
[WhiteTeamCountry "GER"]
[BlackTeamCountry "GER"]

1. d4 Nf6 2. Nf3 c5 3. e3 g6 4. Be2 Bg7 5. 0-0 0-0 6. Nbd2 cxd4 7. exd4 d5 8. Ne5 Nc6 9. Nxc6 bxc6 10. c3 Qc7 11. Nb3 Re8 12. Re1 Bf5 13. Bf3 Nd7 14. g4 Be6 15. Bd2 a5 16. Qc1 a4 17. Bf4 Qb6 18. Nd2 c5 19. dxc5 Nxc5 20. Qc2 Rac8 21. Be3 d4 22. cxd4 Nb3 23. Qd3 Nxa1 24. Rxa1 Qxb2 25. Rb1 Rc1+ 26. Rxc1 Qxc1+ 27. Nf1 Bc4 28. Bxc1 Bxd3 29. Be3 Rb8 30. Kg2 a3 31. Nd2 Rb2 32. Bd5 Bxd4 0-1

[Event "WchT Seniors 50"]
[Site "Radebeul"]
[Date "2016.06.26"]
[Round "1.2"]
[White "Dettmann, Gerd"]
[Black "Olafsson, Helgi"]
[Result "0-1"]
[WhiteElo "2187"]
[BlackElo "2543"]
[PlyCount "72"]
[EventDate "2016.06.26"]
[EventType "team-swiss"]
[EventRounds "9"]
[EventCountry "GER"]
[SourceTitle "CBM 173 Extra"]
[Source "ChessBase"]
[SourceDate "2016.08.29"]
[SourceVersion "1"]
[SourceVersionDate "2016.08.29"]
[SourceQuality "1"]
[WhiteTeam "Dettmann"]
[BlackTeam "Iceland"]
[WhiteTeamCountry "GER"]
[BlackTeamCountry "ISL"]

1. e4 c5 2. Nf3 e6 3. d4 cxd4 4. Nxd4 a6 5. c4 Nf6 6. Nc3 Qc7 7. Bd3 Nc6 8. Nxc6 dxc6 9. 0-0 e5 10. a3 Bc5 11. Bg5 Nd7 12. b4 Bd4 13. Rc1 h6 14. Bd2 0-0 15. Ne2 Ba7 16. c5 Nf6 17. Qc2 Be6 18. Ng3 Rad8 19. Rfd1 Bb8 20. Nf1 Nh5 21. Bc4 Qe7 22. Be3 Nf4 23. Ng3 g6 24. Qb3 Bxc4 25. Qxc4 h5 26. Ne2 Qe6 27. Qxe6 Nxe2+ 28. Kf1 Nxc1 29. Qd7 Rxd7 30. Rxd7 Nb3 31. Rxb7 a5 32. b5 cxb5 33. c6 Rc8 34. Bb6 Bd6 35. c7 Nd2+ 36. Ke2 Nc4 0-1

[Event "Mecklenburg VP-ch MT"]
[Site "Greifswald"]
[Date "2016.05.01"]
[Round "7.1"]
[White "Dettmann, Gerd"]
[Black "Schulz, Karsten"]
[Result "1/2-1/2"]
[WhiteElo "2169"]
[BlackElo "2282"]
[PlyCount "59"]
[EventDate "2016.04.28"]
[EventType "swiss"]
[EventRounds "7"]
[EventCountry "GER"]
[SourceTitle "EXT 2023"]
[Source "ChessBase"]
[SourceDate "2022.10.05"]
[SourceVersion "1"]
[SourceVersionDate "2022.10.05"]
[SourceQuality "1"]

1. e4 g6 2. d4 Bg7 3. Nc3 d6 4. Be3 a6 5. a4 b6 6. Nf3 e6 7. Bd3 Ne7 8. 0-0 Nd7 9. Qd2 h6 10. Rab1 Bb7 11. b4 g5 12. d5 Ng6 13. Nd4 Qf6 14. Nce2 Nf4 15. dxe6 fxe6 16. Bxf4 gxf4 17. Nxf4 Qxd4 18. Nxe6 Qc3 19. Qxc3 Bxc3 20. Nxc7+ Ke7 21. Nxa8 Rxa8 22. f3 Ne5 23. g3 Rf8 24. Kg2 Rg8 25. h3 h5 26. f4 Ng6 27. Kh2 h4 28. Rg1 Rf8 29. e5 Nxe5 30. Rge1 1/2-1/2

[Event "Mecklenburg VP-ch MT"]
[Site "Greifswald"]
[Date "2016.04.30"]
[Round "6.3"]
[White "Dettmann, Gerd"]
[Black "Dettmann, Holger"]
[Result "1-0"]
[WhiteElo "2169"]
[BlackElo "2011"]
[PlyCount "67"]
[EventDate "2016.04.28"]
[EventType "swiss"]
[EventRounds "7"]
[EventCountry "GER"]
[SourceTitle "EXT 2023"]
[Source "ChessBase"]
[SourceDate "2022.10.05"]
[SourceVersion "1"]
[SourceVersionDate "2022.10.05"]
[SourceQuality "1"]

1. e4 d6 2. d4 g6 3. Nc3 Bg7 4. Nf3 Bg4 5. Be3 Nd7 6. Bc4 e6 7. h3 Bxf3 8. Qxf3 a6 9. Rd1 Ne7 10. 0-0 0-0 11. Bg5 Qe8 12. Ne2 b5 13. Bb3 c5 14. c3 c4 15. Bc2 f6 16. Bc1 e5 17. Qg3 Kh8 18. f4 f5 19. fxe5 dxe5 20. dxe5 Nxe5 21. Nd4 Nd3 22. Bxd3 Bxd4+ 23. cxd4 cxd3 24. Bh6 Rf7 25. Qe5+ Kg8 26. Rxd3 fxe4 27. Rxf7 Qxf7 28. Qxe4 Nd5 29. Rf3 Qd7 30. Rf1 Re8 31. Qf3 Qf5 32. Qxf5 gxf5 33. Rxf5 Nb4 34. d5 1-0